Statistiques concernant Formules d'électrostatique

Cliquez ici pour prendre le quiz!

Statistiques générales

  • Ce quiz a été pris 7 fois
  • Le résultat moyen est 3 sur 12

Statistiques - réponses

HintRéponse% Correct
Unité d'une charge électrique au point P :Coulomb
57%
L'unité de lambda(M)C.m^-1
29%
Donner l'unité de o(M)C.m^-2
29%
Quelle est la quantité de charges "dq" pour une longueur ?lambda(M)dl
29%
Unité de r :mètres
29%
Quelle est la quantité de charges "dq" sur une surface ?o(M)dS
29%
Quelle est la quantité de charges "dq" dans un volume ?p(M)dV
29%
Unité du flux :V.m
29%
Unité du champ électrostatique :V*m^-1
29%
Unité de Dsm^2
14%
Donner l'expression du théorème de Gauss :flux = double intégrale de (champ électrostatique fois DS) = Qint/E0
0%
Donner la formule du champ électrostatique pour une charge ponctuelle :[q1*vect(PM)]/4piE0(PM)^3
0%

Distribution des résultats

Percentile par nombre de réponses

% des personnes avec chaque résultat

Votre développement - résultats

Vous n’avez pas pris ce quiz